What if... YOU DIDN'T make SNOT? / (Record no. 204126)
[ view plain ]
| 000 -LEADER | |
|---|---|
| fixed length control field | 01585nam a2200325 i 4500 |
| 003 - CONTROL NUMBER IDENTIFIER | |
| control field | OSt |
| 005 - DATE AND TIME OF LATEST TRANSACTION | |
| control field | 20260507123243.0 |
| 008 - FIXED-LENGTH DATA ELEMENTS--GENERAL INFORMATION | |
| fixed length control field | 260507s2025 enkao br 001 0 eng d |
| 020 ## - INTERNATIONAL STANDARD BOOK NUMBER | |
| International Standard Book Number | 9780241733318 |
| Terms of availability | RM 72.95 |
| Qualifying information | hardback |
| 040 ## - CATALOGING SOURCE | |
| Original cataloging agency | PPAK |
| Language of cataloging | eng |
| Transcribing agency | PPAK |
| Description conventions | rda |
| 082 04 - DEWEY DECIMAL CLASSIFICATION NUMBER | |
| Edition number | 23 |
| Classification number | 612 |
| 090 00 - LOCALLY ASSIGNED LC-TYPE CALL NUMBER (OCLC); LOCAL CALL NUMBER (RLIN) | |
| Classification number (OCLC) (R) ; Classification number, CALL (RLIN) (NR) | 612 |
| Feature heading | YOU |
| Feature heading | K |
| 100 1# - MAIN ENTRY--PERSONAL NAME | |
| Personal name | Young, Emma, |
| Relator term | author. |
| 245 10 - TITLE STATEMENT | |
| Title | What if... YOU DIDN'T make SNOT? / |
| Statement of responsibility, etc. | Written by EMMA YOUNG ; Iillustrated by SUPER FREAK |
| 246 30 - VARYING FORM OF TITLE | |
| Title proper/short title | What if... you did not make snot? |
| Title proper/short title | What if... you didn't make snot? : |
| Remainder of title | and other amazing human body questions |
| 264 #1 - PRODUCTION, PUBLICATION, DISTRIBUTION, MANUFACTURE, AND COPYRIGHT NOTICE | |
| Place of production, publication, distribution, manufacture | London : |
| Name of producer, publisher, distributor, manufacturer | Dorling Kindersley Limited, |
| Date of production, publication, distribution, manufacture, or copyright notice | 2025 |
| 300 ## - PHYSICAL DESCRIPTION | |
| Extent | 69 pages : |
| Other physical details | colour illustrations, colour photographs ; |
| Dimensions | 28 cm |
| 336 ## - CONTENT TYPE | |
| Content type term | text |
| Source | rdacontent |
| 337 ## - MEDIA TYPE | |
| Media type term | unmediated |
| Source | rdamedia |
| 338 ## - CARRIER TYPE | |
| Carrier type term | volume |
| Source | rdacarrier |
| 500 ## - GENERAL NOTE | |
| General note | Includes index. |
| 520 ## - SUMMARY, ETC. | |
| Summary, etc. | Answers to 33 crazy and laugh-out-loud questions about the human body from science author Emma Young What would happen if you never slept? Or if your blood turned blue? Or your bones turned to jelly? Find out the answers to these questions and many more with science author Emma Young! Prepare to learn all about the human body from blood vessels to the brain and nerves to nutrients |
| 650 10 - SUBJECT ADDED ENTRY--TOPICAL TERM | |
| Topical term or geographic name entry element | Human body |
| Form subdivision | Miscellanea |
| -- | Juvenile literature. |
| Topical term or geographic name entry element | Human anatomy |
| Form subdivision | Miscellanea |
| -- | Juvenile literature |
| Topical term or geographic name entry element | Human physiology |
| Form subdivision | Miscellanea |
| -- | Juvenile literature. |
| 655 #7 - INDEX TERM--GENRE/FORM | |
| Genre/form data or focus term | Illustrated works. |
| 700 1# - ADDED ENTRY--PERSONAL NAME | |
| Personal name | Freak, Super, |
| Relator term | illustrator. |
| 942 ## - ADDED ENTRY ELEMENTS (KOHA) | |
| Source of classification or shelving scheme | Dewey Decimal Classification |
| Koha item type | Book |
| Withdrawn | Not for loan | Current library | Shelving location | Date acquired | Total Checkouts | Full call number | Barcode | Date last seen | Koha item type |
|---|---|---|---|---|---|---|---|---|---|
| Perpustakaan Alor Setar | Pinjaman Kanak-kanak | 12/05/2026 | K 612 YOU | A01916420 | 12/05/2026 | Book |